Vybrané aspekty afganskej vojny bakalárska práca

Salvato in:
Dettagli Bibliografici
Autore principale: Barinková, Natália
Ente Autore: Fakulta medzinárodných vzťahov EU. Katedra medzinárodných politických vzťahov
Altri autori: Čech, Ľubomír, 1955-
Natura: Libro
Lingua:slovacco
Pubblicazione: Bratislava 2012
Tags: Aggiungi Tag
Nessun Tag, puoi essere il primo ad aggiungerne!!

MARC

LEADER 00000nbm a2200000 4500
001 0153605
005 20161109111756.6
041 0 |a slo 
044 |a SK 
245 1 0 |a Vybrané aspekty afganskej vojny  |b bakalárska práca  |c Natália Barinková ; školiteľ: Ľubomír Čech 
264 1 |a Bratislava  |c 2012 
300 |a 36 s. 
100 1 |a Barinková, Natália 
700 1 |a Čech, Ľubomír, 1955- 
710 2 |a Fakulta medzinárodných vzťahov EU. Katedra medzinárodných politických vzťahov